Tile Select - Countries by Groups - Statistics

General Stats
  • This quiz has been taken 9 times
  • The average score is 36 of 45
Answer Stats
Question Tile Select % Correct
Members of the Commonwealth of Nations Australia Yes
100%
Members of the European Union Austria Yes
100%
Members of the European Union Estonia Yes
100%
Members of the European Union France Yes
100%
Former USSR countries Georgia Yes
100%
Members of the Commonwealth of Nations Jordan No
100%
Former USSR countries Moldova Yes
100%
Former USSR countries Mongolia No
100%
Arab League members United Arab Emirates Yes
100%
Members of the European Union United Kingdom No
100%
Members of the Commonwealth of Nations United States No
100%
Former USSR countries Afghanistan No
88%
Former USSR countries Armenia Yes
88%
Arab League members Azerbaijan No
88%
Former USSR countries Hungary No
88%
Members of the European Union Ireland Yes
88%
Arab League members Israel No
88%
Former USSR countries Kazakhstan Yes
88%
Former USSR countries Lithuania Yes
88%
Arab League members Maldives No
88%
Members of the European Union Malta Yes
88%
Former USSR countries Poland No
88%
Arab League members South Sudan No
88%
Members of the Commonwealth of Nations Zimbabwe No
88%
Arab League members Algeria Yes
75%
Members of the Commonwealth of Nations Barbados Yes
75%
BRICS members Brazil Yes
75%
Members of the Commonwealth of Nations Kenya Yes
75%
Arab League members Lebanon Yes
75%
BRICS members Nigeria No
75%
BRICS members Russia Yes
75%
Members of the European Union Ukraine No
75%
BRICS members China Yes
63%
Members of the Commonwealth of Nations Cyprus Yes
63%
BRICS members Mexico No
63%
Members of the European Union Norway No
63%
BRICS members Pakistan No
63%
Members of the Commonwealth of Nations Singapore Yes
63%
Arab League members Somalia Yes
63%
BRICS members South Africa Yes
63%
Members of the European Union Switzerland No
63%
BRICS members Turkey No
63%
Arab League members Iran No
50%
Members of the Commonwealth of Nations Ireland No
50%
BRICS members Egypt Yes
25%
No matching quizzes found
Score Distribution
Percent of People with Each Score
Percentile by Number Answered
Your Score History
You have not taken this quiz